[Event "DSM WK M 2010"]
[Site "Karlsruhe GER"]
[Date "2010.05.09"]
[Round "7"]
[White "Ketterer, Beatrice"]
[Black "Böhnki, Linda"]
[Result "0-1"]
[Termination "normal"]
[Board "7.2"]
[WhiteElo "800"]
[BlackElo "800"]
[WhiteTeam "Südendschule Karlsruhe"]
[BlackTeam "Gymnasium am Thie Blankenburg"]
[PlyCount "44"]
[WhiteFideId "12983411"]
[EventCountry "GER"]
[EventRounds "7"]
[EventType "team-swiss"]
[EventDate "2010.05.06"]

1. Nf3 d5 2. d4 Nc6 3. Nc3 Nf6 4. Bf4 e5 5. dxe5 Nxe5 6. Bxe5 Ne4 7. Nxe4 dxe4
8. Nd4 Qg5 9. Nb5 Qxe5 10. c4 Bb4+ 11. Nc3 Bxc3+ 12. bxc3 Qxc3+ 13. Qd2 Qxa1+
14. Qd1 Qxa2 15. Qd5 O-O 16. Qxe4 Be6 17. e3 Rad8 18. Bd3 g6 19. h4 Bf5 20. Qe7
Rxd3 21. Qxc7 Qd2+ 22. Kf1 Qd1# 0-1

[Event "DSM WK M 2010"]
[Site "Karlsruhe GER"]
[Date "2010.05.09"]
[Round "7"]
[White "Wilken, Andrea"]
[Black "Kanstinger, Pia"]
[Result "1-0"]
[Termination "normal"]
[Board "7.3"]
[WhiteElo "800"]
[BlackElo "800"]
[WhiteTeam "Gymnasium am Thie Blankenburg"]
[BlackTeam "Südendschule Karlsruhe"]
[PlyCount "81"]
[EventCountry "GER"]
[EventRounds "7"]
[EventType "team-swiss"]
[EventDate "2010.05.06"]

1. e4 e5 2. Nc3 Nf6 3. Nf3 Nc6 4. Bc4 Bc5 5. Ng5 Qe7 6. Nxf7 Rg8 7. Ng5 d6 8.
Bxg8 Bg4 9. f3 Nxg8 10. fxg4 Qxg5 11. d3 Be3 12. Bxe3 Qxe3+ 13. Ne2 Nd4 14. Rf1
Nxe2 15. Qxe2 Qxe2+ 16. Kxe2 O-O-O 17. g5 h6 18. gxh6 gxh6 19. Rf3 h5 20. Raf1
b6 21. Rf5 h4 22. g3 hxg3 23. hxg3 Nh6 24. Rh5 Ng8 25. g4 Re8 26. g5 Ne7 27.
Rg1 Rg8 28. Rh7 Kd7 29. Kf3 Rf8+ 30. Kg4 Rf4+ 31. Kh5 Rf8 32. g6 Rg8 33. g7 c6
34. Rf1 d5 35. Rf8 dxe4 36. dxe4 c5 37. Rh8 Rxh8+ 38. gxh8=Q Kc6 39. Qxe5 Kd7
40. Rf7 Ke8 41. Qxe7# 1-0

[Event "DSM WK M 2010"]
[Site "Karlsruhe GER"]
[Date "2010.05.09"]
[Round "7"]
[White "Oetzel, Helena"]
[Black "Lehmann, Frederike"]
[Result "0-1"]
[Termination "normal"]
[Board "7.4"]
[WhiteElo "800"]
[BlackElo "800"]
[WhiteTeam "Südendschule Karlsruhe"]
[BlackTeam "Gymnasium am Thie Blankenburg"]
[PlyCount "74"]
[EventCountry "GER"]
[EventRounds "7"]
[EventType "team-swiss"]
[EventDate "2010.05.06"]

1. d4 e6 2. Bf4 Nc6 3. Nf3 Bb4+ 4. Nbd2 Nf6 5. e4 Nxe4 6. a3 Ba5 7. b4 Nxb4 8.
Nxe4 Nd5+ 9. Ned2 Nxf4 10. Bc4 Nxg2+ 11. Kf1 Nf4 12. Ne4 f5 13. Neg5 c6 14. Qd2
e5 15. Qd1 b5 16. Bf7+ Ke7 17. Qe1 Bxe1 18. Nxe1 Ba6 19. dxe5 b4+ 20. Kg1 h6
21. Ne6 dxe6 22. Bh5 Nxh5 23. Nd3 Qd4 24. Rf1 Rad8 25. Kg2 Bxd3 26. cxd3 Qxd3
27. axb4 Nf4+ 28. Kg1 Ne2+ 29. Kg2 Rd4 30. h3 Rg8 31. Ra1 g5 32. Rxa7+ Kf8 33.
Ra8+ Kg7 34. Ra7+ Kh8 35. Rha1 g4 36. hxg4 Rdxg4+ 37. Kf1 Rg1# 0-1

[Event "DSM WK M 2010"]
[Site "Karlsruhe GER"]
[Date "2010.05.09"]
[Round "7"]
[White "Brüser, Antonia"]
[Black "Schellinger, Sara"]
[Result "0-1"]
[Termination "normal"]
[Board "8.1"]
[WhiteElo "768"]
[BlackElo "800"]
[WhiteTeam "KGS Stella Neubrandenburg"]
[BlackTeam "Kant-Gymnasium Karlsruhe"]
[PlyCount "150"]
[EventCountry "GER"]
[EventRounds "7"]
[EventType "team-swiss"]
[EventDate "2010.05.06"]

1. e4 e5 2. Nf3 Nc6 3. Bc4 Bc5 4. Nc3 Nf6 5. d3 d6 6. Bg5 h6 7. Be3 Bxe3 8.
fxe3 O-O 9. d4 exd4 10. exd4 Bg4 11. O-O Qd7 12. h3 Bxf3 13. Rxf3 Rfe8 14. Rg3
Re7 15. Qf3 Kh8 16. Ne2 Nxe4 17. Rg4 Nd2 18. Qg3 Nxc4 19. Nf4 Nxd4 20. Nh5 Ne2+
21. Kh2 Nxg3 22. Rxg3 Rae8 23. Rxg7 Rg8 24. Nf6 Rxg7 25. Nxd7 Rxd7 26. b3 Ne3
27. Re1 Nxg2 28. Re8+ Kh7 29. Re2 Nf4 30. Re4 Nh5 31. Rh4 Rg5 32. Kh1 f6 33.
Kh2 Rdg7 34. c4 Rg1 35. Rg4 R1xg4 36. hxg4 Rxg4 37. Kh3 Rg7 38. Kh4 Ng3 39. Kh3
f5 40. Kg2 f4 41. Kf3 Nh5 42. Ke4 c5 43. Kf3 Rg3+ 44. Kf2 f3 45. Ke3 a6 46. Kf2
b5 47. Ke3 bxc4 48. bxc4 Rg2 49. a4 f2 50. Ke2 Kg7 51. Kf1 Rg1+ 52. Kxf2 Rg4
53. Ke3 Rxc4 54. Kd3 Rxa4 55. Kc3 d5 56. Kd3 c4+ 57. Kc3 Ra1 58. Kd4 a5 59. Kc5
a4 60. Kb4 a3 61. Kc3 a2 62. Kb2 Rd1 63. Kxa2 c3 64. Kb3 d4 65. Kc2 Re1 66. Kd3
Nf4+ 67. Kc2 h5 68. Kb3 h4 69. Kc2 h3 70. Kb3 h2 71. Kc2 h1=Q 72. Kb3 c2 73.
Kxc2 Qh3 74. Kd2 Re2+ 75. Kd1 Qh1# 0-1

[Event "DSM WK M 2010"]
[Site "Karlsruhe GER"]
[Date "2010.05.09"]
[Round "7"]
[White "Schumann, Anja"]
[Black "Rauch, Silja"]
[Result "1-0"]
[Termination "normal"]
[Board "8.3"]
[WhiteElo "800"]
[BlackElo "800"]
[WhiteTeam "KGS Stella Neubrandenburg"]
[BlackTeam "Kant-Gymnasium Karlsruhe"]
[PlyCount "55"]
[EventCountry "GER"]
[EventRounds "7"]
[EventType "team-swiss"]
[EventDate "2010.05.06"]

1. e4 e5 2. Bc4 Nc6 3. d3 Bb4+ 4. Nc3 d5 5. exd5 Nd4 6. Bb5+ Bd7 7. Bc4 Qc8 8.
Bg5 Bg4 9. Nf3 Nxf3+ 10. gxf3 Bxf3 11. Qxf3 Ne7 12. d6 cxd6 13. Bxe7 Qc7 14.
Qxf7+ Kd7 15. Bb5+ Kc8 16. O-O-O a6 17. Nd5 Qa5 18. Qe6+ Kb8 19. Bxd6+ Ka7 20.
a3 Rhe8 21. axb4 Qa1+ 22. Kd2 Qa2 23. Bxe8 a5 24. Ra1 Qxb2 25. Rhb1 Qd4 26.
Qxe5 Qxf2+ 27. Qe2 Qh4 28. Rxa5# 1-0

[Event "DSM WK M 2010"]
[Site "Karlsruhe GER"]
[Date "2010.05.09"]
[Round "7"]
[White "Keyzman, Anastasya"]
[Black "Szewirski, Lea Antonia"]
[Result "0-1"]
[Termination "normal"]
[Board "8.4"]
[WhiteElo "800"]
[BlackElo "800"]
[WhiteTeam "Kant-Gymnasium Karlsruhe"]
[BlackTeam "KGS Stella Neubrandenburg"]
[PlyCount "50"]
[EventCountry "GER"]
[EventRounds "7"]
[EventType "team-swiss"]
[EventDate "2010.05.06"]

1. e4 e5 2. Nf3 Bb4 3. c3 Bc5 4. Nxe5 d6 5. d3 dxe5 6. h4 Nf6 7. Bg5 Nc6 8. d4
exd4 9. cxd4 Bxd4 10. Bc4 O-O 11. f4 Bxb2 12. e5 Bxa1 13. Bxf6 gxf6 14. exf6
Kh8 15. Qg4 Bxg4 16. Nd2 Qxf6 17. O-O Qc3 18. Nb1 Qxc4 19. Re1 Qd4+ 20. Kh2
Rae8 21. Rf1 Be2 22. Re1 Bd3 23. Nd2 Rxe1 24. f5 Qf4+ 25. Kh3 Bxf5+ 0-1